Estadísticas para Municipios colindantes con la ciudad de Madrid

Haz click aquí para tomar la prueba!

Estadísticas generales

  • Esta prueba ha sido tomada 21 veces
  • La puntuación promedio es 8 de 16

Estadísticas de respuestas

Municipio% Correcto
Alcorcón
85%
Getafe
85%
Leganés
80%
Alcobendas
75%
Pozuelo de Alarcón
65%
Coslada
55%
Las Rozas de Madrid
55%
San Sebastián de los Reyes
55%
Tres Cantos
55%
Rivas-Vaciamadrid
50%
San Fernando de Henares
50%
Colmenar Viejo
45%
Majadahonda
40%
Torrelodones
20%
Hoyo de Manzanares
10%
Paracuellos de Jarama
10%

Distribución de puntuación

Porcentaje por número respondido

Porcentaje de gente con cada puntuación

Historial de tus puntuaciones

No has tomado esta prueba